"Radio" - All Lyrics (Lana Del Rey) - Statistics

General Stats
  • This quiz has been taken 27 times
  • The average score is 331 of 402
Answer Stats
Lyrics % Correct
a
95%
I
95%
me
95%
me)
95%
No
95%
cinnamon
90%
I'm
90%
is
90%
Lick
90%
life
90%
like
90%
Like
90%
my
90%
now
90%
Now
90%
now?
90%
on
90%
playin'
90%
radio
90%
(Radio,
90%
radio,
90%
radio)
90%
the
90%
you
90%
and
86%
Baby
86%
cause
86%
Cause
86%
do
86%
fuckin'
86%
how
86%
How
86%
it
86%
love
86%
sweet
86%
Sweet
86%
body's
81%
can
81%
dream
81%
livin'
81%
Oh,
81%
oh,
81%
(Oh,
81%
they
81%
up
81%
was
81%
be
76%
even
76%
finally
76%
found
76%
in
76%
Not
76%
to
76%
don't
71%
I've
71%
stop
71%
take
71%
vitamin
71%
because
67%
down
67%
hard
67%
sing
67%
think
67%
yeah
67%
about
62%
been
62%
knows
62%
one
62%
said
62%
That's
62%
what
62%
with
62%
father
57%
it's
57%
sugar
57%
venom,
57%
Boy,
52%
dead
52%
flyin'
52%
from
52%
heard
52%
somehow
52%
true
52%
were
52%
American
48%
came
48%
can't
48%
gold
48%
heavy
48%
I'd
48%
overhead
48%
paved
48%
raised
48%
streets
48%
words
48%
bring
43%
dreams
43%
paradise
43%
Their
43%
til
43%
chase
38%
LA
33%
swore
29%
em
24%
No matching quizzes found
Score Distribution
Percent of People with Each Score
Percentile by Number Answered
Your Score History
You have not taken this quiz